Statistiken für Tabellenendstand der 2. Bundesliga 2022/2023

Klicken Sie hier um das Quiz zu spielen!

Allgemein

  • Dieses Quiz wurde 134 mal gespielt
  • Das Durchschnittsergebnis liegt bei 13 aus 18

Antwortstatistiken

PunkteAntwort% Korrekt
1671. FC Heidenheim 1846
99%
366Hamburger SV
99%
267SV Darmstadt 98
95%
558FC St. Pauli
81%
1828SV Sandhausen
79%
458Fortuna Düsseldorf
78%
1731Jahn Regensburg
77%
1634Arminia Bielefeld
72%
14391. FC Nürnberg
69%
655SC Paderborn 07
66%
1241SpVgg Greuther Fürth
66%
1536Eintracht Braunschweig
65%
1044Hannover 96
64%
846Holstein Kiel
64%
9451. FC Kaiserslautern
61%
746Karlsruher SC
60%
1341Hansa Rostock
58%
11431. FC Magdeburg
52%

Verteilung der Resultate

Perzentil nach korrekt beantworteten Fragen

Anzahl Personen mit jedem Resultat

Ihre Resultats-Entwicklung

Sie haben dieses Quiz noch nicht gespielt